00430nam a2200157Ia 4500003000400000005001700004008004100021040001800062041000800080082001500088100004600103245007600149260001900225600001400244650001400258OSt20260326151315.0211028s2009 xx 000 0 und d cAIMIT LIBRARY aeng a658.8 FERA aFerrao, Avinash Maurice;Girish M.g716006 aAn evaluation of the market penetration of sri Ganesh shipping agency / bGirish Mc2009 aMarketing aMarketing